| 000 | 00748nac a22001811u 4500 | ||
|---|---|---|---|
| 008 | 100711t xxu||||| |||| 00| 0 eng d | ||
| 082 |
_a428.24 _bJ6131 |
||
| 100 |
_aJohn. _916172 |
||
| 245 |
_aNew headway English course : Pre-Intermediate Class Cassette 1: _bPre-Intermediate Class Cassette 1/ _cJohn and Liz Soars |
||
| 246 | _hAudio Cassette Class 1. | ||
| 260 |
_aOxford: _bOxford University Press, _cc2000 (2001 [printing]) |
||
| 300 |
_aAudio Cassette. _bClass 1. |
||
| 600 |
_aJohn. _916173 |
||
| 650 |
_aEnglish language _xAudio Cassette for foreign speakers and listener. _916174 |
||
| 650 |
_aEnglish language _xGrammar -- Problems, exercises _916175 |
||
| 700 |
_aSoars,Liz _916176 |
||
| 942 |
_cBB _k428.24 21J6131 _2ddc |
||
| 999 |
_c4625 _d4625 |
||